000 00963nam a2200265Ia 4500
003 OSt
005 20221005104613.0
006 a|||||r|||| 00| 0
007 ta
008 221004b |||||||| |||| 00| 0 hin d
020 _a8171197604 (hbk)
_c125
024 _a96312
037 _b575, 23/03/2009, Vani Prakashan
_cTextual
040 _aCRL
_cCRL
_bhin
041 _2hin
_ahin
082 _aO113,2M98,1, 152L0
100 _aब्रेष्ट, बर्टोल्ट
245 0 _aखड़िया का घेरा
246 _aKhaड़iyā kā gherā
260 _aदिल्ली
_bराधाकृष्ण भारत
_c1970
300 _a130पृ0
_ccm.
700 _a कमलेश्वर, अनु.
942 _hO113,2M98,1, 152L0
_cTEXL
_2cc
999 _c1013223
_d1013223